[Event "DEM U12w 2021"]
[Site "Willingen GER"]
[Date "2021.08.25"]
[Round "4"]
[White "Strübel, Katharina"]
[Black "Schube, Theresa"]
[Result "0-1"]
[Termination "normal"]
[Board "13"]
[WhiteElo "1154"]
[BlackElo "1262"]
[WhiteClock "00:33:19"]
[BlackClock "00:58:47"]
[PlyCount "68"]
[WhiteFideId "16284879"]
[BlackFideId "34608800"]
[EventCountry "GER"]
[EventRounds "9"]
[EventType "swiss"]
[EventDate "2021.08.22"]

1. e4 {[%clk 1:30:54]} e5 {[%clk 1:30:51]} 2. Nf3 {[%clk 1:30:53]} Nc6 {[%clk
1:30:59]} 3. d4 {[%clk 1:30:48]} exd4 {[%clk 1:30:37]} 4. Nxd4 {[%clk 1:30:31]}
Qh4 {[%clk 1:30:28]} 5. Nc3 {[%clk 1:28:50]} Bb4 {[%clk 1:28:56]} 6. Qd3 {[%clk
1:21:54]} Nf6 {[%clk 1:25:50]} 7. Bd2 {[%clk 1:20:44]} Bxc3 {[%clk 1:23:13]} 8.
Bxc3 {[%clk 1:19:52]} Qxe4+ {[%clk 1:23:24]} 9. Qe2 {[%clk 1:13:19]} O-O {[%clk
1:18:58]} 10. Nxc6 {[%clk 1:10:25]} Qxc6 {[%clk 1:17:51]} 11. Qc4 {[%clk
1:07:03]} Re8+ {[%clk 1:17:15]} 12. Kd1 {[%clk 1:05:36]} Qd6+ {[%clk 1:15:30]}
13. Qd3 {[%clk 1:04:58]} Ne4 {[%clk 1:12:16]} 14. Bd4 {[%clk 1:03:51]} Qe6
{[%clk 1:07:53]} 15. Qe2 {[%clk 0:59:19]} b6 {[%clk 1:06:28]} 16. f3 {[%clk
0:58:36]} c5 {[%clk 1:04:26]} 17. Bxg7 {[%clk 0:53:55]} Kxg7 {[%clk 0:59:49]}
18. Qxe4 {[%clk 0:53:36]} Qxe4 {[%clk 0:59:56]} 19. fxe4 {[%clk 0:53:33]} Rxe4
{[%clk 1:00:17]} 20. g3 {[%clk 0:52:02]} Bb7 {[%clk 1:00:03]} 21. Rg1 {[%clk
0:51:04]} Rae8 {[%clk 0:59:15]} 22. Bg2 {[%clk 0:45:39]} Rd4+ {[%clk 0:59:20]}
23. Kc1 {[%clk 0:45:08]} Bxg2 {[%clk 0:59:40]} 24. c3 {[%clk 0:45:17]} Rde4
{[%clk 0:59:30]} 25. Kc2 {[%clk 0:43:32]} Re2+ {[%clk 0:58:49]} 26. Kb3 {[%clk
0:43:39]} Bd5+ {[%clk 0:59:02]} 27. Ka3 {[%clk 0:42:54]} a5 {[%clk 0:58:19]}
28. Rad1 {[%clk 0:41:21]} Bc6 {[%clk 0:58:02]} 29. h4 {[%clk 0:36:26]} b5
{[%clk 0:57:40]} 30. g4 {[%clk 0:34:41]} b4+ {[%clk 0:57:58]} 31. cxb4 {[%clk
0:34:35]} cxb4+ {[%clk 0:58:09]} 32. Kb3 {[%clk 0:34:30]} Bb5 {[%clk 0:58:12]}
33. Rd5 {[%clk 0:33:16]} R8e3+ {[%clk 0:58:25]} 34. Rd3 {[%clk 0:33:19]} Rxd3#
{[%clk 0:58:47]} 0-1

[Event "DEM U12w 2021"]
[Site "Willingen GER"]
[Date "2021.08.25"]
[Round "4"]
[White "Tran, Hanna Emilie Mai Hoa"]
[Black "Hoffmann, Svenja"]
[Result "1-0"]
[Termination "normal"]
[Board "14"]
[WhiteElo "1077"]
[BlackElo "1307"]
[WhiteClock "01:02:41"]
[BlackClock "01:11:21"]
[PlyCount "53"]
[WhiteFideId "16267869"]
[BlackFideId "16287312"]
[EventCountry "GER"]
[EventRounds "9"]
[EventType "swiss"]
[EventDate "2021.08.22"]

1. e4 {[%clk 1:30:55]} e5 {[%clk 1:30:52]} 2. Nf3 {[%clk 1:31:16]} Nc6 {[%clk
1:31:08]} 3. Bc4 {[%clk 1:31:28]} Bc5 {[%clk 1:31:17]} 4. c3 {[%clk 1:31:19]}
Nf6 {[%clk 1:31:25]} 5. d4 {[%clk 1:30:57]} exd4 {[%clk 1:31:15]} 6. cxd4
{[%clk 1:31:18]} Bb4+ {[%clk 1:31:28]} 7. Nc3 {[%clk 1:30:38]} Nxe4 {[%clk
1:31:00]} 8. O-O Bxc3 {[%clk 1:30:37]} 9. d5 {[%clk 1:30:05]} Bf6 {[%clk
1:29:58]} 10. Re1 {[%clk 1:29:20]} Ne7 {[%clk 1:28:33]} 11. Rxe4 {[%clk
1:29:28]} O-O {[%clk 1:21:41]} 12. Rb1 {[%clk 1:23:05]} Ng6 {[%clk 1:18:27]}
13. b3 {[%clk 1:18:44]} d6 {[%clk 1:16:37]} 14. Bb2 {[%clk 1:17:03]} Bf5 {[%clk
1:16:12]} 15. Bxf6 {[%clk 1:16:43]} Qxf6 {[%clk 1:16:15]} 16. Re1 {[%clk
1:13:33]} Bxb1 {[%clk 1:14:37]} 17. Qxb1 {[%clk 1:13:55]} Rfe8 {[%clk 1:14:51]}
18. Rf1 {[%clk 1:10:19]} c6 {[%clk 1:14:47]} 19. b4 {[%clk 1:09:10]} a6 {[%clk
1:14:51]} 20. a4 {[%clk 1:09:04]} Qf4 {[%clk 1:14:25]} 21. Ba2 {[%clk 1:06:57]}
Nh4 {[%clk 1:13:05]} 22. Nxh4 {[%clk 1:04:48]} Qxh4 {[%clk 1:13:14]} 23. Qf5
{[%clk 1:02:21]} g6 {[%clk 1:11:44]} 24. Qf3 {[%clk 1:02:10]} Qxb4 {[%clk
1:11:45]} 25. dxc6 {[%clk 1:02:26]} Re1 {[%clk 1:10:58]} 26. Qxf7+ {[%clk
1:02:26]} Kh8 {[%clk 1:11:21]} 27. Qf6# {[%clk 1:02:41]} 1-0

[Event "DEM U12w 2021"]
[Site "Willingen GER"]
[Date "2021.08.25"]
[Round "4"]
[White "Halas, Neele Zoe"]
[Black "Stepanjan, Tatevik Mia"]
[Result "1-0"]
[Termination "normal"]
[Board "15"]
[WhiteElo "1494"]
[BlackElo "1170"]
[WhiteClock "00:04:52"]
[BlackClock "00:10:45"]
[PlyCount "123"]
[WhiteFideId "16287282"]
[BlackFideId "16246128"]
[EventCountry "GER"]
[EventRounds "9"]
[EventType "swiss"]
[EventDate "2021.08.22"]

1. e4 {[%clk 1:30:57]} c5 {[%clk 1:30:54]} 2. Nc3 {[%clk 1:31:19]} Nc6 {[%clk
1:31:10]} 3. Bb5 {[%clk 1:31:30]} a6 {[%clk 1:30:48]} 4. Bxc6 {[%clk 1:31:11]}
bxc6 {[%clk 1:30:44]} 5. d3 {[%clk 1:31:00]} Nf6 {[%clk 1:30:36]} 6. f4 {[%clk
1:30:20]} d5 {[%clk 1:29:07]} 7. e5 {[%clk 1:28:44]} Ng4 {[%clk 1:28:00]} 8.
Nf3 {[%clk 1:24:59]} e6 {[%clk 1:24:30]} 9. O-O {[%clk 1:24:40]} g6 {[%clk
1:23:50]} 10. Bd2 {[%clk 1:17:29]} Bg7 {[%clk 1:21:40]} 11. Qe1 {[%clk
1:11:34]} O-O {[%clk 1:19:42]} 12. h3 {[%clk 1:07:05]} Nh6 {[%clk 1:18:51]} 13.
Na4 {[%clk 1:06:29]} c4 {[%clk 1:15:02]} 14. dxc4 {[%clk 1:03:13]} dxc4 {[%clk
1:14:31]} 15. b4 cxb3 {[%clk 1:14:00]} 16. cxb3 {[%clk 0:57:13]} Nf5 {[%clk
1:12:11]} 17. Ba5 {[%clk 0:51:14]} Qd3 {[%clk 1:05:45]} 18. Qd2 {[%clk
0:49:24]} Qxd2 {[%clk 1:03:49]} 19. Bxd2 {[%clk 0:48:33]} Bb7 {[%clk 1:01:41]}
20. Nc5 {[%clk 0:46:44]} Bc8 {[%clk 0:59:59]} 21. g4 {[%clk 0:45:54]} Ne7
{[%clk 0:58:17]} 22. Rac1 {[%clk 0:41:57]} Rd8 {[%clk 0:55:38]} 23. Be3 {[%clk
0:37:48]} Nd5 {[%clk 0:54:34]} 24. Kf2 {[%clk 0:36:22]} Nb4 {[%clk 0:51:09]}
25. a3 {[%clk 0:35:05]} Nd5 {[%clk 0:49:25]} 26. Ne4 {[%clk 0:29:22]} Bb7
{[%clk 0:45:52]} 27. b4 {[%clk 0:19:52]} a5 {[%clk 0:38:15]} 28. Nc3 {[%clk
0:07:16]} axb4 {[%clk 0:35:51]} 29. Nxd5 {[%clk 0:07:37]} cxd5 {[%clk 0:34:58]}
30. axb4 {[%clk 0:08:01]} Ra4 {[%clk 0:32:20]} 31. Bc5 {[%clk 0:07:46]} Ra2+
{[%clk 0:30:00]} 32. Kg3 {[%clk 0:08:05]} f6 {[%clk 0:26:45]} 33. Be7 {[%clk
0:07:15]} Rd7 {[%clk 0:23:42]} 34. exf6 Bf8 {[%clk 0:21:54]} 35. Bxf8 {[%clk
0:07:23]} Kxf8 {[%clk 0:21:45]} 36. Ne5 {[%clk 0:07:38]} Rd8 {[%clk 0:18:19]}
37. Rc7 {[%clk 0:06:52]} Ra3+ {[%clk 0:16:28]} 38. Rf3 {[%clk 0:06:49]} Rxf3+
{[%clk 0:16:35]} 39. Kxf3 {[%clk 0:06:54]} d4+ {[%clk 0:16:50]} 40. Rxb7 {[%clk
0:07:07]} d3 {[%clk 0:14:44]} 41. Rd7 {[%clk 0:07:26]} Rxd7 {[%clk 0:14:35]}
42. Nxd7+ {[%clk 0:07:48]} Ke8 {[%clk 0:13:46]} 43. Ne5 {[%clk 0:08:10]} d2
{[%clk 0:13:42]} 44. Ke2 {[%clk 0:08:27]} d1=Q+ 45. Kxd1 Kf8 {[%clk 0:11:59]}
46. b5 {[%clk 0:08:46]} Ke8 {[%clk 0:12:00]} 47. b6 {[%clk 0:09:06]} Kd8 {[%clk
0:12:15]} 48. f7 {[%clk 0:09:27]} Ke7 {[%clk 0:12:17]} 49. b7 {[%clk 0:09:43]}
h5 {[%clk 0:11:31]} 50. b8=Q {[%clk 0:09:35]} hxg4 {[%clk 0:11:06]} 51. f8=B+
{[%clk 0:07:58]} Kf6 {[%clk 0:11:26]} 52. Qd8+ {[%clk 0:08:11]} Kf5 {[%clk
0:11:27]} 53. hxg4+ {[%clk 0:08:09]} Ke4 {[%clk 0:11:45]} 54. Qd3+ {[%clk
0:07:59]} Kxf4 {[%clk 0:11:44]} 55. Nxg6+ {[%clk 0:08:08]} Kxg4 {[%clk
0:11:33]} 56. Qf1 {[%clk 0:07:00]} Kg3 57. Bd6+ {[%clk 0:07:03]} Kg4 {[%clk
0:11:56]} 58. Qf4+ {[%clk 0:07:16]} Kh5 {[%clk 0:11:43]} 59. Be7 {[%clk
0:05:44]} Kxg6 {[%clk 0:11:09]} 60. Qf6+ {[%clk 0:06:08]} Kh7 {[%clk 0:11:05]}
61. Bf8 {[%clk 0:06:18]} e5 {[%clk 0:10:45]} 62. Qg7# {[%clk 0:04:52]} 1-0

[Event "DEM U12w 2021"]
[Site "Willingen GER"]
[Date "2021.08.25"]
[Round "4"]
[White "Zhou, Jenny"]
[Black "Kopylov, Diana"]
[Result "1-0"]
[Termination "normal"]
[Board "16"]
[WhiteElo "1268"]
[BlackElo "1007"]
[WhiteClock "00:48:51"]
[BlackClock "00:29:33"]
[PlyCount "81"]
[WhiteFideId "16280229"]
[BlackFideId "16268865"]
[EventCountry "GER"]
[EventRounds "9"]
[EventType "swiss"]
[EventDate "2021.08.22"]

1. e4 {[%clk 1:30:54]} c5 {[%clk 1:30:55]} 2. Nf3 {[%clk 1:31:12]} d6 {[%clk
1:31:16]} 3. d4 {[%clk 1:31:36]} cxd4 {[%clk 1:31:42]} 4. Nxd4 {[%clk 1:32:01]}
Nf6 {[%clk 1:32:04]} 5. Nc3 {[%clk 1:32:26]} g6 {[%clk 1:32:28]} 6. Be3 {[%clk
1:32:16]} Bg7 {[%clk 1:32:49]} 7. f3 {[%clk 1:32:38]} O-O {[%clk 1:33:11]} 8.
Qd2 {[%clk 1:32:48]} Nc6 {[%clk 1:33:33]} 9. O-O-O d5 {[%clk 1:29:15]} 10. exd5
{[%clk 1:27:50]} Nxd5 {[%clk 1:27:28]} 11. Nxc6 {[%clk 1:26:14]} bxc6 {[%clk
1:27:38]} 12. Nxd5 {[%clk 1:26:11]} cxd5 {[%clk 1:27:56]} 13. Qxd5 {[%clk
1:22:09]} Qc7 {[%clk 1:28:13]} 14. Bd3 {[%clk 1:13:54]} Be6 {[%clk 1:22:09]}
15. Qc5 {[%clk 1:08:51]} Qb7 {[%clk 1:14:07]} 16. b3 {[%clk 1:06:06]} Qc8
{[%clk 0:53:56]} 17. Qxc8 {[%clk 1:00:53]} Rfxc8 {[%clk 0:54:08]} 18. Be4
{[%clk 1:00:34]} Rab8 {[%clk 0:50:55]} 19. Bxa7 {[%clk 0:59:49]} Rb5 {[%clk
0:48:47]} 20. Bd4 {[%clk 0:56:34]} Bh6+ {[%clk 0:44:49]} 21. Kb1 {[%clk
0:54:43]} Bc4 {[%clk 0:42:03]} 22. Bd3 {[%clk 0:54:03]} Rb7 {[%clk 0:36:44]}
23. h4 {[%clk 0:53:21]} Bxd3 {[%clk 0:35:36]} 24. Rxd3 {[%clk 0:53:29]} Rbc7
{[%clk 0:34:14]} 25. c4 {[%clk 0:51:29]} Rb7 {[%clk 0:34:07]} 26. c5 {[%clk
0:49:18]} Bf8 {[%clk 0:33:08]} 27. Rc1 {[%clk 0:48:52]} e6 {[%clk 0:32:09]} 28.
c6 {[%clk 0:48:26]} Rbc7 {[%clk 0:32:13]} 29. Rdc3 {[%clk 0:48:30]} Bb4 {[%clk
0:30:14]} 30. Rc4 {[%clk 0:48:14]} Bd2 {[%clk 0:29:54]} 31. R1c2 {[%clk
0:48:18]} Bf4 {[%clk 0:30:14]} 32. Bb6 {[%clk 0:48:33]} Bg3 {[%clk 0:29:10]}
33. Bxc7 {[%clk 0:48:48]} Rxc7 {[%clk 0:29:32]} 34. b4 {[%clk 0:49:03]} Rc8
{[%clk 0:29:28]} 35. c7 {[%clk 0:49:22]} Kf8 {[%clk 0:29:31]} 36. b5 {[%clk
0:49:48]} Ke7 {[%clk 0:29:12]} 37. b6 {[%clk 0:50:08]} Kd7 {[%clk 0:29:33]} 38.
Rd2+ {[%clk 0:50:04]} Ke8 {[%clk 0:29:15]} 39. b7 {[%clk 0:48:28]} Rxc7 {[%clk
0:29:17]} 40. b8=Q+ {[%clk 0:48:51]} Ke7 {[%clk 0:29:33]} 41. Qd8# 1-0

[Event "DEM U12w 2021"]
[Site "Willingen GER"]
[Date "2021.08.25"]
[Round "4"]
[White "Chandrasekher, Ritu"]
[Black "Hesse, Sariana"]
[Result "1-0"]
[Termination "normal"]
[Board "17"]
[WhiteElo "1197"]
[BlackElo "997"]
[WhiteClock "01:09:03"]
[BlackClock "01:16:19"]
[PlyCount "55"]
[WhiteFideId "34609024"]
[BlackFideId "34605843"]
[EventCountry "GER"]
[EventRounds "9"]
[EventType "swiss"]
[EventDate "2021.08.22"]

1. e4 e5 {[%clk 1:30:51]} 2. Nf3 {[%clk 1:30:57]} Nc6 {[%clk 1:31:16]} 3. Bc4
{[%clk 1:31:23]} Bc5 {[%clk 1:31:38]} 4. O-O {[%clk 1:31:46]} Nf6 {[%clk
1:31:59]} 5. d3 {[%clk 1:32:08]} d6 {[%clk 1:32:02]} 6. h3 a6 7. c3 {[%clk
1:32:25]} Ba7 {[%clk 1:32:29]} 8. Nbd2 O-O {[%clk 1:32:47]} 9. Re1 {[%clk
1:32:51]} Ne7 {[%clk 1:33:05]} 10. Nf1 {[%clk 1:32:50]} Ng6 {[%clk 1:31:45]}
11. Ng3 Nf4 {[%clk 1:32:03]} 12. Bxf4 {[%clk 1:32:12]} exf4 13. Ne2 Nh5 {[%clk
1:31:34]} 14. Qd2 {[%clk 1:30:47]} Ng3 {[%clk 1:29:31]} 15. Qxf4 {[%clk
1:28:05]} Nxe2+ {[%clk 1:26:28]} 16. Rxe2 Bd7 17. Ng5 {[%clk 1:25:50]} Be6
{[%clk 1:25:43]} 18. Nxe6 {[%clk 1:25:33]} fxe6 {[%clk 1:25:48]} 19. Bxe6+
{[%clk 1:25:12]} Kh8 {[%clk 1:25:09]} 20. Qg4 {[%clk 1:24:35]} Rf6 21. d4
{[%clk 1:22:52]} Qf8 {[%clk 1:24:17]} 22. Bf5 {[%clk 1:21:20]} d5 {[%clk
1:22:50]} 23. Be6 {[%clk 1:15:13]} Rf4 {[%clk 1:21:18]} 24. Qg3 {[%clk
1:13:07]} dxe4 {[%clk 1:19:40]} 25. Bd5 {[%clk 1:11:49]} Re8 {[%clk 1:18:54]}
26. Rae1 {[%clk 1:10:28]} c5 {[%clk 1:17:09]} 27. Rxe4 {[%clk 1:09:40]} cxd4
{[%clk 1:16:19]} 28. Rxe8 {[%clk 1:09:03]} 1-0

[Event "DEM U12w 2021"]
[Site "Willingen GER"]
[Date "2021.08.25"]
[Round "4"]
[White "Terekhin, Maria"]
[Black "Woiteck, Sophia"]
[Result "1/2-1/2"]
[Termination "normal"]
[Board "18"]
[WhiteElo "1030"]
[BlackElo "1293"]
[WhiteClock "00:53:23"]
[BlackClock "00:24:59"]
[PlyCount "104"]
[WhiteFideId "16277422"]
[BlackFideId "34608753"]
[EventCountry "GER"]
[EventRounds "9"]
[EventType "swiss"]
[EventDate "2021.08.22"]

1. e4 {[%clk 1:30:59]} e5 {[%clk 1:30:45]} 2. Nf3 {[%clk 1:31:22]} Nc6 {[%clk
1:31:04]} 3. Nc3 {[%clk 1:31:48]} d6 {[%clk 1:30:15]} 4. h3 {[%clk 1:20:40]}
Nge7 {[%clk 1:27:01]} 5. d4 {[%clk 1:19:17]} exd4 {[%clk 1:20:18]} 6. Nxd4
{[%clk 1:19:03]} Nxd4 {[%clk 1:05:23]} 7. Qxd4 {[%clk 1:18:38]} Nc6 {[%clk
1:02:50]} 8. Bb5 {[%clk 1:14:37]} Bd7 {[%clk 1:01:33]} 9. Bxc6 {[%clk 1:14:51]}
Bxc6 {[%clk 1:00:46]} 10. Be3 {[%clk 1:12:34]} Qf6 {[%clk 0:52:33]} 11. O-O-O
{[%clk 1:10:16]} Qxd4 {[%clk 0:47:08]} 12. Bxd4 {[%clk 1:10:17]} O-O-O {[%clk
0:46:20]} 13. Rhe1 {[%clk 1:07:58]} d5 {[%clk 0:39:19]} 14. exd5 {[%clk
0:55:56]} Bxd5 {[%clk 0:37:00]} 15. Nxd5 {[%clk 0:55:28]} Rxd5 {[%clk 0:36:11]}
16. Re8+ {[%clk 0:51:40]} Kd7 {[%clk 0:35:00]} 17. Re5 {[%clk 0:43:51]} Rxe5
{[%clk 0:34:15]} 18. Bxe5+ {[%clk 0:43:57]} Kc8 {[%clk 0:33:10]} 19. Rd4 {[%clk
0:39:03]} f6 {[%clk 0:32:15]} 20. Bg3 {[%clk 0:38:17]} Bc5 {[%clk 0:26:03]} 21.
Rc4 {[%clk 0:37:23]} Bb6 {[%clk 0:25:57]} 22. b4 {[%clk 0:35:15]} Kd7 {[%clk
0:24:11]} 23. a4 {[%clk 0:33:31]} c6 {[%clk 0:23:32]} 24. a5 {[%clk 0:33:08]}
Bc7 {[%clk 0:23:08]} 25. Rd4+ {[%clk 0:33:12]} Kc8 {[%clk 0:22:57]} 26. Bxc7
{[%clk 0:33:11]} Kxc7 {[%clk 0:23:11]} 27. Rc4 {[%clk 0:31:43]} Re8 {[%clk
0:22:18]} 28. Kd2 {[%clk 0:30:56]} Re5 {[%clk 0:21:15]} 29. c3 {[%clk 0:28:29]}
Rg5 {[%clk 0:19:25]} 30. g4 {[%clk 0:28:22]} Kd6 {[%clk 0:14:09]} 31. Rd4+
{[%clk 0:28:30]} Rd5 {[%clk 0:12:34]} 32. Ke3 {[%clk 0:28:27]} Rxd4 {[%clk
0:11:44]} 33. Kxd4 {[%clk 0:28:30]} b6 {[%clk 0:11:52]} 34. axb6 {[%clk
0:27:59]} axb6 {[%clk 0:12:11]} 35. c4 {[%clk 0:28:02]} c5+ {[%clk 0:11:42]}
36. bxc5+ {[%clk 0:28:13]} bxc5+ {[%clk 0:11:55]} 37. Ke4 {[%clk 0:28:14]} Ke6
{[%clk 0:08:36]} 38. f4 {[%clk 0:27:53]} Kd6 {[%clk 0:05:03]} 39. g5 {[%clk
0:26:05]} Ke6 {[%clk 0:02:52]} 40. h4 {[%clk 0:24:45]} f5+ {[%clk 0:01:47]} 41.
Kd3 {[%clk 0:24:16]} h6 {[%clk 0:00:36]} 42. gxh6 {[%clk 0:22:25]} gxh6 {[%clk
0:30:08]} 43. h5 {[%clk 0:52:44]} Kd6 {[%clk 0:30:14]} 44. Kc3 {[%clk 0:53:11]}
Kc6 {[%clk 0:29:58]} 45. Kb3 {[%clk 0:53:02]} Kb6 {[%clk 0:29:17]} 46. Ka4
{[%clk 0:53:23]} Ka6 {[%clk 0:28:43]} 47. Kb3 {[%clk 0:53:08]} Ka7 {[%clk
0:27:34]} 48. Ka4 {[%clk 0:52:43]} Ka6 {[%clk 0:26:37]} 49. Kb3 {[%clk
0:52:56]} Kb6 {[%clk 0:26:18]} 50. Ka4 {[%clk 0:53:00]} Ka6 {[%clk 0:26:34]}
51. Kb3 {[%clk 0:53:09]} Ka5 {[%clk 0:26:27]} 52. Ka3 {[%clk 0:53:23]} Kb6
{[%clk 0:24:59]} 1/2-1/2

[Event "DEM U12w 2021"]
[Site "Willingen GER"]
[Date "2021.08.25"]
[Round "4"]
[White "Neumeier, Valentina"]
[Black "Vogt, Luna"]
[Result "1/2-1/2"]
[Termination "normal"]
[Board "19"]
[WhiteElo "1128"]
[BlackElo "1147"]
[WhiteClock "00:43:19"]
[BlackClock "00:43:34"]
[PlyCount "51"]
[WhiteFideId "34608222"]
[BlackFideId "34607153"]
[EventCountry "GER"]
[EventRounds "9"]
[EventType "swiss"]
[EventDate "2021.08.22"]

1. e4 {[%clk 1:30:58]} e5 {[%clk 1:30:55]} 2. Nf3 {[%clk 1:31:24]} Nc6 {[%clk
1:31:12]} 3. Bc4 {[%clk 1:31:30]} Bc5 {[%clk 1:30:44]} 4. Nc3 {[%clk 1:31:19]}
Nf6 {[%clk 1:29:38]} 5. d3 {[%clk 1:30:57]} h6 {[%clk 1:28:44]} 6. O-O {[%clk
1:29:50]} O-O {[%clk 1:27:42]} 7. Be3 {[%clk 1:29:46]} Bb6 {[%clk 1:26:09]} 8.
Qd2 {[%clk 1:28:32]} d6 {[%clk 1:23:44]} 9. h3 {[%clk 1:26:15]} Be6 {[%clk
1:23:40]} 10. Bb3 {[%clk 1:26:33]} Kh7 {[%clk 1:19:30]} 11. Rfe1 {[%clk
1:22:12]} Ba5 {[%clk 1:17:32]} 12. Qd1 {[%clk 1:08:54]} d5 {[%clk 1:13:36]} 13.
exd5 {[%clk 1:07:35]} Nxd5 {[%clk 1:12:40]} 14. Bd2 {[%clk 1:05:57]} Nxc3
{[%clk 1:09:49]} 15. Bxc3 {[%clk 1:05:57]} Bxb3 {[%clk 1:08:56]} 16. axb3
{[%clk 1:06:00]} Bxc3 {[%clk 1:06:33]} 17. bxc3 {[%clk 1:06:19]} Re8 {[%clk
1:06:09]} 18. Ra4 {[%clk 1:03:06]} Qd5 {[%clk 0:59:12]} 19. Qe2 {[%clk
0:57:00]} f6 {[%clk 0:56:19]} 20. Qe4+ {[%clk 0:54:35]} Qxe4 {[%clk 0:55:39]}
21. Rexe4 {[%clk 0:54:36]} Ne7 {[%clk 0:49:19]} 22. d4 {[%clk 0:52:13]} Nd5
{[%clk 0:48:27]} 23. Rc4 {[%clk 0:51:06]} exd4 {[%clk 0:46:24]} 24. Rxe8 {[%clk
0:48:08]} Rxe8 {[%clk 0:46:10]} 25. Nxd4 {[%clk 0:47:08]} Re4 {[%clk 0:43:34]}
26. f3 {[%clk 0:43:19]} 1/2-1/2

[Event "DEM U12w 2021"]
[Site "Willingen GER"]
[Date "2021.08.25"]
[Round "4"]
[White "Niederdorfer, Mathilda"]
[Black "Abram, Kristina-Maria"]
[Result "0-1"]
[Termination "normal"]
[Board "20"]
[WhiteElo "1264"]
[BlackElo "1009"]
[WhiteClock "00:56:54"]
[BlackClock "00:49:21"]
[PlyCount "60"]
[WhiteFideId "16275845"]
[BlackFideId "16298349"]
[EventCountry "GER"]
[EventRounds "9"]
[EventType "swiss"]
[EventDate "2021.08.22"]

1. e4 {[%clk 1:30:56]} e5 {[%clk 1:30:49]} 2. Nf3 {[%clk 1:31:21]} Nc6 {[%clk
1:31:10]} 3. Bc4 {[%clk 1:31:43]} Bc5 {[%clk 1:31:11]} 4. d4 {[%clk 1:32:04]}
exd4 {[%clk 1:31:22]} 5. Ng5 {[%clk 1:32:29]} Nh6 {[%clk 1:30:19]} 6. Nxf7
{[%clk 1:32:47]} Nxf7 {[%clk 1:29:46]} 7. Bxf7+ {[%clk 1:33:09]} Kxf7 8. Qh5+
{[%clk 1:34:55]} g6 {[%clk 1:28:40]} 9. Qxc5 {[%clk 1:35:20]} Rf8 {[%clk
1:28:05]} 10. Bh6 {[%clk 1:34:15]} Re8 {[%clk 1:26:41]} 11. O-O {[%clk
1:33:05]} Re5 {[%clk 1:24:39]} 12. Qa3 {[%clk 1:30:06]} d6 {[%clk 1:20:26]} 13.
Qf3+ {[%clk 1:29:39]} Ke7 {[%clk 1:17:23]} 14. Nd2 {[%clk 1:26:26]} Qg8 {[%clk
1:14:20]} 15. h4 {[%clk 1:20:59]} Be6 {[%clk 1:12:23]} 16. Bg5+ {[%clk
1:20:53]} Kd7 {[%clk 1:11:51]} 17. Rad1 {[%clk 1:17:59]} Rf8 {[%clk 1:09:00]}
18. Qd3 {[%clk 1:16:10]} Qg7 {[%clk 1:06:12]} 19. Nb3 {[%clk 1:11:24]} h6
{[%clk 1:05:15]} 20. f4 {[%clk 1:11:11]} Bg4 {[%clk 1:03:02]} 21. fxe5 {[%clk
1:09:46]} Bxd1 {[%clk 1:03:07]} 22. e6+ {[%clk 1:04:10]} Kc8 {[%clk 0:59:10]}
23. Rxd1 {[%clk 1:01:41]} hxg5 {[%clk 0:59:07]} 24. Qh3 {[%clk 1:00:25]} Kb8
{[%clk 0:57:53]} 25. Rf1 {[%clk 0:58:22]} Rxf1+ {[%clk 0:54:36]} 26. Kxf1
{[%clk 0:58:45]} gxh4 {[%clk 0:54:43]} 27. Qxh4 {[%clk 0:57:19]} a6 {[%clk
0:53:52]} 28. Na5 {[%clk 0:56:25]} Nxa5 {[%clk 0:49:21]} 29. e7 {[%clk
0:56:45]} Qf7+ {[%clk 0:49:21]} 30. Kg1 {[%clk 0:56:54]} Qe8 0-1

[Event "DEM U12w 2021"]
[Site "Willingen GER"]
[Date "2021.08.26"]
[Round "5"]
[White "Müller, Cosima"]
[Black "Sickmann, Lisa"]
[Result "0-1"]
[Termination "normal"]
[Board "1"]
[WhiteElo "1389"]
[BlackElo "1462"]
[WhiteClock "00:42:37"]
[BlackClock "01:04:40"]
[PlyCount "70"]
[WhiteFideId "34601490"]
[BlackFideId "16267818"]
[EventCountry "GER"]
[EventRounds "9"]
[EventType "swiss"]
[EventDate "2021.08.22"]

1. e4 {[%clk 1:30:58]} e5 {[%clk 1:30:54]} 2. Nf3 {[%clk 1:31:23]} Nc6 {[%clk
1:31:18]} 3. Bc4 {[%clk 1:31:49]} Bc5 {[%clk 1:31:43]} 4. b4 {[%clk 1:32:15]}
Bxb4 {[%clk 1:32:09]} 5. c3 {[%clk 1:32:40]} Be7 {[%clk 1:32:36]} 6. d4 {[%clk
1:32:59]} Na5 {[%clk 1:32:55]} 7. Be2 {[%clk 1:33:18]} d6 {[%clk 1:32:16]} 8.
Qa4+ {[%clk 1:32:35]} c6 {[%clk 1:32:31]} 9. O-O {[%clk 1:32:34]} Nf6 {[%clk
1:32:41]} 10. Ba3 {[%clk 1:26:30]} b5 {[%clk 1:30:03]} 11. Qc2 {[%clk 1:25:03]}
Qc7 {[%clk 1:30:00]} 12. Rd1 {[%clk 1:20:31]} O-O {[%clk 1:29:28]} 13. d5
{[%clk 1:18:14]} Bb7 {[%clk 1:27:18]} 14. c4 {[%clk 1:16:19]} bxc4 {[%clk
1:24:09]} 15. Bxc4 {[%clk 1:16:32]} cxd5 {[%clk 1:24:25]} 16. Bb3 {[%clk
1:15:15]} Qxc2 {[%clk 1:24:44]} 17. Bxc2 {[%clk 1:15:35]} dxe4 {[%clk 1:23:45]}
18. Nfd2 {[%clk 1:10:41]} Rac8 {[%clk 1:22:24]} 19. Ba4 {[%clk 1:08:58]} Rfd8
{[%clk 1:22:21]} 20. Nb3 {[%clk 1:07:44]} Nxb3 {[%clk 1:20:18]} 21. Bxb3 {[%clk
1:07:56]} Bf8 {[%clk 1:20:09]} 22. Nd2 {[%clk 1:07:37]} d5 {[%clk 1:19:53]} 23.
Bb2 {[%clk 1:07:28]} d4 {[%clk 1:19:00]} 24. Nc4 {[%clk 1:07:15]} Re8 {[%clk
1:18:25]} 25. Rac1 {[%clk 1:05:56]} Ba6 {[%clk 1:15:51]} 26. Re1 {[%clk
0:57:39]} Bb4 {[%clk 1:13:55]} 27. Red1 {[%clk 0:56:41]} Nd7 {[%clk 1:12:48]}
28. Ba4 {[%clk 0:52:14]} Rxc4 {[%clk 1:11:28]} 29. Rxc4 {[%clk 0:52:12]} Bxc4
{[%clk 1:11:28]} 30. Bxd7 {[%clk 0:52:16]} Re7 {[%clk 1:11:19]} 31. Bc6 {[%clk
0:51:08]} f5 {[%clk 1:10:36]} 32. a3 {[%clk 0:50:01]} Bb3 {[%clk 1:07:21]} 33.
Rc1 {[%clk 0:45:38]} Bd2 {[%clk 1:06:09]} 34. Rc5 {[%clk 0:45:37]} e3 {[%clk
1:04:59]} 35. Bf3 {[%clk 0:42:37]} e4 {[%clk 1:04:40]} 0-1